000 01045naa a2200229 i 4500
001 BPP
003 BPK
005 20190610114327.0
008 140708s1989 pl f |100 0 pol
040 _cBPK
080 _a621.9
100 _aPLICHTA, Stanisława.
_d1973 - 1996.
_bWyższa Szkoła Inżynierska w Koszalinie - Wydział Mechaniczny,
_cZakład Obrabiarek i Obróbki Skrawaniem
245 _aStan warstwy wierzchniej perforowanej /
_cStanisława Plichta, Piotr Stępień.
260 _c1989.
500 _aDane z kartoteki bpp.
655 0 _aMateriały konferencyjne.
650 0 _aInżynieria powierzchni
773 _iW :
_tXII Naukowa Szkoła Obróbki Ściernej : Materiały. -
_dPoznań : Politechnika Poznańska, 1989. -
_gs. 195-200
700 _aSTĘPIEŃ, Piotr.
_d1975 - 1996.
_bWyższa Szkoła Inżynierska w Koszalinie - Wydział Mechaniczny,
_cZakład Obrabiarek i Obróbki Skrawaniem
711 _aNaukowa Szkoła Obróbki Ściernej
_n(12 ;
_d1989 ;
_cPoznań - Błażejewko, Polska).
942 _cART
_2UKD
999 _c6634
_d6634